000 01397nam a2200325 a 4500
001 000003002
003 DO-SdBNP
005 20260304085434.0
008 090706s2009 dr c 000 0 spa d
020 _a9789945853278
040 _aDO-SdBNP
_bspa
_cBNPHU
082 4 _a320.5
_bF316i
_222
100 1 _aFélix Díaz, Regina R.
_99532
245 1 0 _aIdeología de un vencedor : José Francisco Peña Gómez. :
_bbasado en una tesis política de la autora /
_cRegina R. Félix Díaz.
260 _aSanto Domingo :
_bCopy Full,
_c2009.
300 _a282 p. :
_bretrs. ;
_c21 cm.
500 _aIncluye índice
500 _aIncluye datos biográficos del autor en las solapas
500 _aIncluye referencias bibliográficas y notas al pie de las páginas
500 _aBasado en la tesis de grado "Ideologías del pensamiento político del Dr. Fráncisco Peña Gómez y su impacto en la democracia dominicana" defendida por la autora.
590 _aLa biblioteca posee tres ejemplares autografiados por el autor
590 _aInventariado,2018/DG
600 1 0 _aPeña Gomez, Jose Francisco ,
_d1937-1998
_xPensamiento político
_92994
610 2 0 _aPartido Revolucionario Dominicano
_95214
650 0 _aIdeología
_99534
650 0 _aSocialismo
_9287
651 0 _aRepública Dominicana
_xPolítica y gobierno
_945
910 _aValidado. Control de calidad MMOLINA
942 _2ddc
_cLBS1
999 _c2834
_d2834